|
|
|
|
| LEADER |
02064nam a2200505 a 4500 |
| 001 |
000309953 |
| 003 |
CZ BrMZK |
| 005 |
20210210062626.0 |
| 007 |
ta |
| 008 |
980115s1998 xr e c cze d |
| 015 |
|
|
|a cnb000364326
|
| 020 |
|
|
|a 80-7035-165-9
|
| 035 |
|
|
|a (OCoLC)40086569
|
| 040 |
|
|
|a BOA001
|b cze
|
| 041 |
1 |
|
|a cze
|a fre
|
| 043 |
|
|
|a e-fr---
|a e-xr---
|b e-xr-pg
|2 czenas
|
| 045 |
|
|
|a w-x-
|
| 072 |
|
7 |
|a 72/76
|x Výtvarné umění
|2 Konspekt
|9 21
|
| 080 |
|
|
|a 72/76(44)
|2 MRF
|
| 080 |
|
|
|a 7.036/.038
|2 MRF
|
| 080 |
|
|
|a 72/76:069.5
|2 MRF
|
| 080 |
|
|
|a (44)
|2 MRF
|
| 080 |
|
|
|a (437.311)
|2 MRF
|
| 080 |
|
|
|a (083.824)
|2 MRF
|
| 100 |
1 |
|
|a Gauguin, Paul,
|d 1848-1903
|7 jn19990002578
|4 aut
|
| 245 |
1 |
0 |
|a Paul Gaugin ve sbírkách Národní galerie v Praze /
|c [text: Stanislas Pierret, Olga Uhrová, Jana Wittlichová] : sbírka moderního a současného umění : grafická sbírka : [katalog výstavy] : 30.dubna-30.srpna 1998Veletržní palác, Praha
|
| 250 |
|
|
|a Vyd. 1.
|
| 260 |
|
|
|a Praha :
|b Národní galerie,
|c 1998
|
| 300 |
|
|
|a 47 s. :
|b il. (některé barev.) ;
|c 24 cm
|
| 500 |
|
|
|a Text též franc. - Bibliogr. - Souhrn angl.
|
| 600 |
1 |
7 |
|a Gauguin, Paul,
|d 1848-1903
|7 jn19990002578
|2 czenas
|
| 610 |
2 |
7 |
|a Národní galerie (Praha, Česko).
|b Sbírka moderního a současného umění
|7 kn20030506002
|2 czenas
|
| 648 |
|
7 |
|a 19.-20. století
|7 ch757015
|2 czenas
|
| 650 |
0 |
7 |
|a francouzské výtvarné umění
|7 ph120377
|y 19.-20. století
|2 czenas
|
| 650 |
0 |
7 |
|a moderní umění
|7 ph115340
|z Francie
|2 czenas
|
| 650 |
0 |
7 |
|a umělecké sbírky
|7 ph135222
|z Česko
|2 czenas
|
| 651 |
|
7 |
|a Praha (Česko)
|7 ge118011
|2 czenas
|
| 655 |
|
7 |
|a katalogy výstav
|7 fd132536
|2 czenas
|
| 700 |
1 |
|
|a Uhrová, Olga
|7 jn20010309655
|4 aut
|
| 700 |
1 |
|
|a Wittlichová, Jana,
|d 1937-
|7 jx20050624038
|4 aut
|
| 700 |
1 |
|
|a Pierret, Stanislas
|4 aut
|
| 710 |
2 |
|
|a Národní galerie (Praha, Česko)
|7 kn20010709071
|
| 910 |
|
|
|a BOA001
|b 2-1044.374
|
| 990 |
|
|
|a BK
|
| 996 |
6 |
|
|b 2610069812
|c 2-1044.374
|l MZK
|r Sklad / do 1 hodiny
|n 3
|p p.v.
|w 000309953
|u 000010
|a 1
|e BOA001
|j MZK50
|s P
|